Zámery rozpočtovej politiky a jej nástrojov vo finančných vzťahoch výskumná štúdia

Saved in:
Bibliographic Details
Main Author: Vitálošová, Emília
Format: Book
Language:Slovak
Published: Bratislava VÚNH VŠE 1991
Subjects:
Tags: Add Tag
No Tags, Be the first to tag this record!

MARC

LEADER 00000nam a2200000 4500
001 c002405
005 20260325081008.9
041 0 |a slo 
044 |a SK 
245 1 0 |a Zámery rozpočtovej politiky a jej nástrojov vo finančných vzťahoch  |b výskumná štúdia  |c Emília Vitálošová 
264 1 |a Bratislava  |b VÚNH VŠE  |c 1991 
300 |a 71 s. 
610 2 0 |a rozpočet štátny 
610 2 0 |a Československo 
610 2 0 |a Slovensko 
610 2 0 |a 1970-1993 
610 2 0 |a politika finančná 
610 2 0 |a nástroje finančné 
610 2 0 |a rozpočet miestny 
610 2 0 |a obce 
100 1 |a Vitálošová, Emília